[Event "San Francisco TNM Summer op"]
[Site "San Francisco"]
[Date "2013.06.18"]
[Round "4"]
[White "Rumph, Todd"]
[Black "Newey, Richard H"]
[Result "1-0"]
[WhiteElo "2200"]
[BlackElo "1749"]
[PlyCount "105"]
[EventDate "2013.05.28"]
[EventType "swiss"]
[EventRounds "8"]
[EventCountry "USA"]
[SourceTitle "EXT 2016"]
[Source "ChessBase"]
[SourceDate "2015.10.08"]
[SourceVersion "1"]
[SourceVersionDate "2015.10.08"]
[SourceQuality "1"]

1. c4 c5 2. Nc3 g6 3. g3 Nc6 4. Bg2 Bg7 5. Nf3 Nf6 6. d4 cxd4 7. Nxd4 0-0 8. 0-0 Nxd4 9. Qxd4 d6 10. Qd3 Rb8 11. Be3 a6 12. Bd4 Bd7 13. a4 Bc6 14. e4 Nd7 15. Ra3 Bxd4 16. Qxd4 Qb6 17. Qxb6 Nxb6 18. b3 f5 19. Re1 fxe4 20. a5 Nd7 21. Nxe4 h6 22. Nc3 Ne5 23. f4 Bxg2 24. Kxg2 Nc6 25. Nd5 e5 26. Ra2 Rf7 27. b4 Re8 28. b5 Nd4 29. Rb2 axb5 30. cxb5 Ra8 31. Ra1 exf4 32. gxf4 Ne6 33. Kg3 Nc7 34. Nb6 Re8 35. a6 bxa6 36. bxa6 g5 37. fxg5 hxg5 38. a7 Kg7 39. a8Q Nxa8 40. Rxa8 Re3+ 41. Kg2 Rf4 42. Rd2 Rb3 43. Ra7+ Kf8 44. Nd5 Rg4+ 45. Kf2 Rh3 46. Kf1 Rf3+ 47. Rf2 Rxf2+ 48. Kxf2 Rh4 49. Kg3 Rd4 50. Nf6 Rd3+ 51. Kg4 Rd2 52. Kf5 g4 53. Kg6 1-0

[Event "San Francisco TNM Spring op"]
[Site "San Francisco"]
[Date "2013.04.16"]
[Round "5"]
[White "Rumph, Todd"]
[Black "Manvelyan, Hovik"]
[Result "1/2-1/2"]
[WhiteElo "2200"]
[BlackElo "1920"]
[PlyCount "67"]
[EventDate "2013.03.19"]
[EventType "swiss"]
[EventRounds "8"]
[EventCountry "USA"]
[SourceTitle "EXT 2016"]
[Source "ChessBase"]
[SourceDate "2015.10.08"]
[SourceVersion "1"]
[SourceVersionDate "2015.10.08"]
[SourceQuality "1"]

1. d4 Nf6 2. c4 d6 3. Nc3 Nbd7 4. e4 e5 5. d5 Nc5 6. f3 a5 7. Be3 Bd7 8. Qd2 b6 9. Nge2 Be7 10. 0-0-0 h6 11. Kb1 Nh7 12. g3 f5 13. f4 Nf6 14. Bg2 0-0 15. h3 Nfxe4 16. Nxe4 Nxe4 17. Bxe4 fxe4 18. g4 b5 19. fxe5 dxe5 20. c5 Be8 21. h4 Bg6 22. g5 Bxc5 23. h5 Rf3 24. hxg6 Bxe3 25. Qc2 Bxg5 26. Qxe4 Re3 27. Qc2 Qd6 28. Nc3 Ra6 29. Nxb5 Qxg6 30. Qxg6 Rxg6 31. Nxc7 Rb6 32. Rh2 Bf4 33. Rc2 e4 34. Ne6 1/2-1/2

[Event "San Francisco TNM Fall op"]
[Site "San Francisco"]
[Date "2012.11.27"]
[Round "7"]
[White "Byambaa, Uyanga"]
[Black "Rumph, Todd"]
[Result "1/2-1/2"]
[WhiteElo "2093"]
[BlackElo "2188"]
[PlyCount "80"]
[EventDate "2012.10.16"]
[EventType "swiss"]
[EventRounds "9"]
[EventCountry "USA"]
[SourceTitle "EXT 2014"]
[Source "ChessBase"]
[SourceDate "2013.11.20"]
[SourceVersion "1"]
[SourceVersionDate "2013.11.20"]
[SourceQuality "1"]

1. e4 e5 2. Nf3 Nc6 3. Bc4 Nf6 4. Ng5 d5 5. exd5 Na5 6. Bb5+ Bd7 7. Bxd7+ Qxd7 8. d3 Nxd5 9. Bd2 Nc6 10. Nc3 h6 11. Nf3 0-0-0 12. Nxd5 Qxd5 13. 0-0 g5 14. b4 g4 15. Nh4 Qe6 16. f4 Be7 17. f5 Qf6 18. g3 e4 19. Qe1 exd3 20. Bc3 d2 21. Bxd2 Qd4+ 22. Be3 Qd5 23. b5 Ne5 24. f6 Bc5 25. Bxc5 Qxc5+ 26. Qf2 Qxf2+ 27. Rxf2 Rd5 28. a4 Rhd8 29. Kf1 Nc4 30. Re1 Rd1 31. Nf5 Nd2+ 32. Ke2 Rxe1+ 33. Kxe1 Nf3+ 34. Ke2 Re8+ 35. Kd3 h5 36. Ne7+ Kd7 37. Re2 Ng5 38. c4 Nh7 39. Rf2 Nxf6 40. Rxf6 Kxe7 1/2-1/2

[Event "San Francisco TNM Fall op"]
[Site "San Francisco"]
[Date "2012.10.16"]
[Round "1"]
[White "Rumph, Todd"]
[Black "Donnelly, Patrick T"]
[Result "1-0"]
[WhiteElo "2188"]
[BlackElo "1647"]
[PlyCount "33"]
[EventDate "2012.10.16"]
[EventType "swiss"]
[EventRounds "9"]
[EventCountry "USA"]
[SourceTitle "EXT 2014"]
[Source "ChessBase"]
[SourceDate "2013.11.20"]
[SourceVersion "1"]
[SourceVersionDate "2013.11.20"]
[SourceQuality "1"]

1. c4 e5 2. g3 Nf6 3. Bg2 d5 4. cxd5 Nxd5 5. Nc3 Be6 6. Nf3 Nc6 7. 0-0 f6 8. d4 Nxc3 9. bxc3 Be7 10. Nxe5 Nxe5 11. dxe5 0-0 12. Qc2 fxe5 13. Bxb7 Rb8 14. Be4 Bc5 15. e3 h5 16. Qe2 Bg4 17. Qc4+ 1-0

[Event "San Francisco TNM Marathon op"]
[Site "San Francisco"]
[Date "2012.08.21"]
[Round "4"]
[White "Rumph, Todd"]
[Black "Winslow, Elliott C"]
[Result "0-1"]
[WhiteElo "2179"]
[BlackElo "2342"]
[PlyCount "82"]
[EventDate "2012.07.31"]
[EventType "swiss"]
[EventRounds "9"]
[EventCountry "USA"]
[SourceTitle "EXT 2014"]
[Source "ChessBase"]
[SourceDate "2013.11.20"]
[SourceVersion "1"]
[SourceVersionDate "2013.11.20"]
[SourceQuality "1"]

1. c4 Nf6 2. Nc3 g6 3. g3 Bg7 4. Bg2 0-0 5. e4 d6 6. Nge2 Nc6 7. d3 e5 8. 0-0 Nh5 9. Be3 f5 10. Qd2 Nd4 11. exf5 Nxf5 12. d4 exd4 13. Bxd4 Nxd4 14. Nxd4 c6 15. h3 Qb6 16. Rad1 Bd7 17. Kh2 Rad8 18. b3 Bc8 19. f4 Rfe8 20. Ne4 d5 21. c5 Qc7 22. Nd6 Rxd6 23. cxd6 Qxd6 24. Rde1 Rf8 25. Bf3 Nf6 26. b4 Bd7 27. a3 a5 28. Re3 axb4 29. axb4 g5 30. Ne2 g4 31. hxg4 Nxg4+ 32. Bxg4 Bxg4 33. Nd4 b6 34. Rfe1 c5 35. Ne6 d4 36. Kg1 Rf6 37. f5 Bh6 38. Ng5 dxe3 39. Qa2+ Kh8 40. Nf7+ Rxf7 41. Qxf7 Qxg3+ 0-1

[Event "San Francisco TNM Winter op"]
[Site "San Francisco"]
[Date "2012.01.31"]
[Round "5"]
[White "Wong, Russell"]
[Black "Rumph, Todd"]
[Result "1-0"]
[WhiteElo "2200"]
[BlackElo "2168"]
[PlyCount "55"]
[EventDate "2012.01.03"]
[EventType "swiss"]
[EventRounds "8"]
[EventCountry "USA"]
[SourceTitle "EXT 2014"]
[Source "ChessBase"]
[SourceDate "2013.11.20"]
[SourceVersion "1"]
[SourceVersionDate "2013.11.20"]
[SourceQuality "1"]

1. d4 Nf6 2. c4 e6 3. Nc3 Bb4 4. a3 Bxc3+ 5. bxc3 c5 6. e3 Nc6 7. Bd3 b6 8. d5 Ne5 9. Be2 Ne4 10. Qc2 Nd6 11. Qa4 Qh4 12. Nf3 Nxf3+ 13. Bxf3 e5 14. Be2 Ne4 15. g3 Qf6 16. 0-0 Nxc3 17. Qc2 Nxe2+ 18. Qxe2 d6 19. f4 Bh3 20. Rf2 e4 21. Bb2 Qg6 22. Qc2 h5 23. f5 Bxf5 24. Raf1 Bh3 25. Rxf7 Bxf1 26. Rxg7 Qf5 27. Qa4+ Kd8 28. Qc6 1-0

[Event "San Francisco TNM Litowsky op"]
[Site "San Francisco"]
[Date "2011.09.20"]
[Round "8"]
[White "Manvelyan, Hayk"]
[Black "Rumph, Todd"]
[Result "1-0"]
[WhiteElo "2193"]
[BlackElo "2159"]
[PlyCount "69"]
[EventDate "2011.08.02"]
[EventType "swiss"]
[EventRounds "9"]
[EventCountry "USA"]
[SourceTitle "EXT 2016"]
[Source "ChessBase"]
[SourceDate "2015.10.08"]
[SourceVersion "1"]
[SourceVersionDate "2015.10.08"]
[SourceQuality "1"]

1. d4 Nf6 2. c4 e6 3. Nf3 d5 4. Nc3 c6 5. cxd5 exd5 6. Bg5 Be7 7. e3 Bf5 8. Bd3 Bxd3 9. Qxd3 Nbd7 10. 0-0 0-0 11. a3 Re8 12. Rac1 Nf8 13. Rc2 Ne4 14. Bxe7 Qxe7 15. Nd2 f5 16. Na4 Rad8 17. b4 a6 18. Nc5 Rd6 19. Nf3 Ng6 20. g3 Rf8 21. a4 Rdf6 22. Ne1 Nh8 23. b5 axb5 24. axb5 Nf7 25. bxc6 bxc6 26. Qa6 Nfg5 27. h4 Nh3+ 28. Kg2 Nhxf2 29. Rfxf2 Nxf2 30. Kxf2 Rg6 31. Nf3 Qd6 32. Ne5 Rh6 33. Kg2 f4 34. exf4 Rb8 35. Ncd7 1-0

[Event "San Francisco TNM Litowsky op"]
[Site "San Francisco"]
[Date "2011.08.30"]
[Round "5"]
[White "Rumph, Todd"]
[Black "Lee, Andy C"]
[Result "0-1"]
[WhiteElo "2159"]
[BlackElo "2267"]
[PlyCount "120"]
[EventDate "2011.08.02"]
[EventType "swiss"]
[EventRounds "9"]
[EventCountry "USA"]
[SourceTitle "EXT 2016"]
[Source "ChessBase"]
[SourceDate "2015.10.08"]
[SourceVersion "1"]
[SourceVersionDate "2015.10.08"]
[SourceQuality "1"]

1. c4 Nf6 2. g3 c6 3. Nf3 d5 4. b3 Bf5 5. Ba3 Nbd7 6. Bg2 e6 7. Bxf8 Nxf8 8. 0-0 h6 9. Qc1 Qd6 10. Qb2 N8d7 11. d3 0-0 12. Nbd2 a5 13. a3 c5 14. b4 axb4 15. axb4 cxb4 16. Nd4 Bg4 17. h3 Bh5 18. g4 Bg6 19. Nc2 h5 20. Qxb4 Qe5 21. Rxa8 Rxa8 22. Ne3 d4 23. Nf3 Qf4 24. c5 hxg4 25. hxg4 Nxc5 26. Qxd4 Qxd4 27. Nxd4 Ra4 28. g5 Rxd4 29. gxf6 gxf6 30. Rb1 Rd7 31. Rb5 Rc7 32. Nc4 Nxd3 33. Ne3 Rc1+ 34. Nf1 Nf4 35. Bf3 Re1 36. Rb2 b5 37. Rxb5 Nxe2+ 38. Bxe2 Rxe2 39. Rb8+ Kg7 40. Rd8 Re1 41. f3 Ra1 42. Rd2 Bh5 43. Rg2+ Kf8 44. Rg3 e5 45. Kf2 Ke7 46. Rh3 Bg6 47. Ne3 Ke6 48. Rh8 Ra2+ 49. Kg3 Ra3 50. Kf2 Ra2+ 51. Kg3 Re2 52. Ng4 f5 53. Re8+ Kd5 54. Rd8+ Kc4 55. Rc8+ Kd4 56. Rd8+ Kc3 57. Rc8+ Kd2 58. Rd8+ Ke1 59. Nh6 f4+ 60. Kg4 Rg2+ 0-1

[Event "San Francisco TNM Spring op"]
[Site "San Francisco"]
[Date "2011.04.05"]
[Round "4"]
[White "Krienke, Jason"]
[Black "Rumph, Todd"]
[Result "1/2-1/2"]
[WhiteElo "1694"]
[BlackElo "2161"]
[PlyCount "86"]
[EventDate "2011.03.15"]
[EventType "swiss"]
[EventRounds "8"]
[EventCountry "USA"]
[SourceTitle "EXT 2012"]
[Source "ChessBase"]
[SourceDate "2011.11.24"]
[SourceVersion "1"]
[SourceVersionDate "2011.11.24"]
[SourceQuality "1"]

1. e4 c6 2. d4 d5 3. exd5 cxd5 4. Nf3 Bg4 5. Be2 Nc6 6. c3 e6 7. 0-0 Bd6 8. Be3 Qc7 9. Nbd2 Nf6 10. Rc1 Ne4 11. h3 Nxd2 12. Qxd2 Bh5 13. c4 dxc4 14. Rxc4 Qd7 15. Re1 0-0 16. a3 Rad8 17. Rd1 Bg6 18. Bf4 Be4 19. Qe3 Bd5 20. Rcc1 Bxf4 21. Qxf4 Bxf3 22. Bxf3 Nxd4 23. Kh1 e5 24. Qe4 b6 25. g4 Qe7 26. Bg2 Qf6 27. Rc7 Qxf2 28. Rf1 Qe2 29. Qb7 Ne6 30. Rcxf7 Qc4 31. Rxf8+ Rxf8 32. Rxf8+ Kxf8 33. Qa8+ Kf7 34. Qxa7+ Qc7 35. Qxc7+ Nxc7 36. Bc6 Ke6 37. Kg2 Kd6 38. Be4 h6 39. Kf3 Ne6 40. h4 Nd4+ 41. Ke3 g5 42. hxg5 hxg5 43. Kd3 Nb3 1/2-1/2

[Event "San Francisco TNM Winter op"]
[Site "San Francisco"]
[Date "2011.02.22"]
[Round "8"]
[White "Chalissery, Jossy"]
[Black "Rumph, Todd"]
[Result "0-1"]
[WhiteElo "1690"]
[BlackElo "2119"]
[PlyCount "60"]
[EventDate "2011.01.04"]
[EventType "swiss"]
[EventRounds "8"]
[EventCountry "USA"]
[SourceTitle "EXT 2012"]
[Source "ChessBase"]
[SourceDate "2011.11.24"]
[SourceVersion "1"]
[SourceVersionDate "2011.11.24"]
[SourceQuality "1"]

1. b3 c5 2. Bb2 Nc6 3. e3 e5 4. Bb5 Nge7 5. c4 g6 6. f4 Bg7 7. Nf3 f6 8. Bxc6 Nxc6 9. fxe5 fxe5 10. 0-0 d6 11. Nc3 Be6 12. Ne4 0-0 13. a3 Rc8 14. Qe1 Bf5 15. Ng3 Bd3 16. e4 Bxf1 17. Nxf1 Nd4 18. Nxd4 exd4 19. d3 Rc7 20. Bc1 Rcf7 21. Ng3 Qh4 22. Bd2 Be5 23. Rd1 Rf6 24. b4 R8f7 25. b5 h5 26. Bc1 b6 27. a4 Bf4 28. Bxf4 Qxf4 29. Qd2 Qxd2 30. Rxd2 h4 0-1

[Event "San Francisco TNM Fall op"]
[Site "San Francisco"]
[Date "2010.11.09"]
[Round "4"]
[White "Rumph, Todd"]
[Black "Shnaiderman, Lazar"]
[Result "1-0"]
[WhiteElo "2051"]
[BlackElo "1862"]
[PlyCount "47"]
[EventDate "2010.10.20"]
[EventType "swiss"]
[EventRounds "9"]
[EventCountry "USA"]
[SourceTitle "EXT 2012"]
[Source "ChessBase"]
[SourceDate "2011.11.24"]
[SourceVersion "1"]
[SourceVersionDate "2011.11.24"]
[SourceQuality "1"]

1. c4 c5 2. g3 g6 3. Bg2 Nc6 4. Nc3 Bg7 5. Nf3 d6 6. 0-0 e5 7. a3 Nge7 8. b4 cxb4 9. axb4 Nxb4 10. d4 0-0 11. Ba3 Nbc6 12. d5 Nb8 13. Nb5 Nf5 14. e4 a6 15. Bb4 Nd4 16. Nfxd4 exd4 17. Nxd6 Qc7 18. f4 Rd8 19. e5 Bf8 20. Qxd4 Nd7 21. Kh1 h6 22. Nxf7 Bxb4 23. e6 Kf8 24. Nxd8 1-0

[Event "San Francisco TNM Peter Grey op"]
[Site "San Francisco"]
[Date "2010.09.21"]
[Round "8"]
[White "Lopez, Jorge R"]
[Black "Rumph, Todd"]
[Result "0-1"]
[WhiteElo "2190"]
[BlackElo "2013"]
[PlyCount "74"]
[EventDate "2010.08.03"]
[EventType "swiss"]
[EventRounds "9"]
[EventCountry "USA"]
[SourceTitle "EXT 2012"]
[Source "ChessBase"]
[SourceDate "2011.11.24"]
[SourceVersion "1"]
[SourceVersionDate "2011.11.24"]
[SourceQuality "1"]

1. d4 d5 2. c4 dxc4 3. Nc3 a6 4. a4 e5 5. e3 Nc6 6. Nf3 Nf6 7. Bxc4 exd4 8. exd4 Bg4 9. 0-0 Be7 10. h3 Bxf3 11. Qxf3 Qxd4 12. Bxa6 Rxa6 13. Nb5 Qd7 14. Rd1 Bd6 15. Bf4 0-0 16. Nxc7 Nd4 17. Rxd4 Qxc7 18. Rc1 Qb8 19. Rxd6 Rxd6 20. Bxd6 Qxd6 21. Qxb7 h6 22. a5 Kh7 23. Rc6 Qd2 24. Qb5 Qe1+ 25. Kh2 Qxf2 26. Qd3+ Kg8 27. b4 Re8 28. b5 Qf4+ 29. Qg3 Qf1 30. b6 Re1 31. Qb8+ Kh7 32. Rxf6 gxf6 33. Qc7 Qg1+ 34. Kg3 Re3+ 35. Kh4 Qf2+ 36. Kh5 Qf5+ 37. Kh4 Qg5# 0-1